000 00788nas a2200265 4500
001 BR0807708
003 BR-BrBNA
005 20231205112718.0
007 ta
008 230509b bl.|||p| |||| 00| 00por d
040 _aBR-BrBNA
_bpor
_cBiblioteca Nacional de Agricultura
041 _a(En)
072 _aF60
100 1 _aSouza, G.M.
100 1 _aPincus, S.M.
100 1 _aMonteiro, J.A.F.
245 1 _aThe complexity stability hypothesis in plants gas exchange under water deficit
650 _aPLANTA
650 _aBIOLOGIA VEGETAL
650 _aGÁS
650 _aÁGUA
773 0 _tBrazilian Journal of Plant Physiology (Brazil)
_xISSN 1677-0420
_g(Oct-Dec 2005), v. 17(4) p. 363-373
_wBR0807708
909 _a202311
_bLúcia
_c55
_dLúcia Elande
942 _2AGRIS
_n0
_cANA
999 _c199526
_d199526